000 00716nam a2200217 i 4500
001 134483
003 ES-MaACL
005 20230906194701.0
007 t|
008 070911s1948 mx ||||1| spa d
100 1 _aWeber, Alfred.
_9116250
245 1 0 _aHistoria de la cultura /
_cAlfred Weber ; versión española de Luis Recaséns Siches.
250 _a[4ª ed. en español].
260 _aMéxico :
_bFondo de Cultura Económica,
_c[1948]
300 _a366 p. ;
_c24 cm.
490 1 _aSección de obras de sociología
700 1 _aRecasens Siches, Luis,
_d1903-1977
_995751
830 0 _aSección de obras de sociología
_9179836
852 _aES-MaACL
_jE-765
_bR.26967
999 _c134483
_d134483